| 000 | 01210nam a2200265Ia 4500 | ||
|---|---|---|---|
| 999 |
_c5031 _d5031 |
||
| 003 | OSt | ||
| 005 | 20200504115213.0 | ||
| 008 | 191128s2012 en ab gr 000 0dspa d | ||
| 020 | _a9786124102059 | ||
| 040 |
_aCO-JMCR _cCO-JMCR |
||
| 041 | 0 | _aspa | |
| 082 | 0 | 4 |
_a305.5633 / _bS116c |
| 100 | 1 |
_aSabourin, Eric, _eautor _93837 |
|
| 245 | 1 | 0 |
_aCampesinos, mercado y políticas públicas : _buna lectura por la reciprocidad / _cEric Sabourin |
| 250 | _aPrimera edición | ||
| 260 |
_aLima : _bUniversidad Antonio Ruiz de Montoya, _c2012 |
||
| 300 |
_a518 páginas : _bmapas ; _c21 cm. |
||
| 490 | 0 | _aÉtica y desarrollo | |
| 504 | _aIncluye bibliografía. | ||
| 505 | _aElementos para una teoría de la reciprocidad en las ciencias sociales -- Organizaciones y sociedades campesinas -- Las organizaciones campesinas frente al mercado y al Estado | ||
| 520 | _aEn el mundo actual existen formas de agricultura que, en conjunto con la agricultura empresarial, aún están fuertemente estructuradas por principios de agricultura campesina. Es innecesario decir que la reciprocidad continúa. | ||
| 650 | 1 | 4 |
_aPolíticas públicas _92118 |
| 650 | 2 | 4 |
_aOrganizaciones campesinas _93838 |
| 942 |
_2ddc _cBK |
||